[Event "36. Copenhagen Open (Politiken Cup)"]
[Site "Elsinore"]
[Date "2014.07.24"]
[Round "5"]
[White "Nilsson, Carl Axel"]
[Black "Loveid, Erik"]
[Result "1/2-1/2"]
[WhiteElo "1696"]
[BlackElo "1490"]
[PlyCount "72"]
[EventDate "2014.07.21"]
[EventType "swiss"]
[EventRounds "10"]
[EventCountry "DEN"]
[Source "ChessBase"]
[SourceDate "2014.08.29"]

1. e4 e5 2. Nf3 Nc6 3. Bb5 a6 4. Bxc6 dxc6 5. O-O Bg4 6. h3 h5 7. d3 Bxf3 8.
Qxf3 Qf6 9. Qxf6 Nxf6 10. Be3 Bd6 11. Nd2 O-O-O 12. Nc4 Nd7 13. Nxd6+ cxd6 14.
f4 f6 15. f5 Rdg8 16. Rf2 g5 17. g3 h4 18. g4 c5 19. a4 Kc7 20. a5 Nb8 21. Rff1
Nc6 22. Kf2 Nb4 23. Rfc1 Rb8 24. Ke2 Kd7 25. Ra3 Rhc8 26. c4 b5 27. axb6 Rxb6
28. Bd2 Ra8 29. Bc3 Kc7 30. Kd2 Kc8 31. Rca1 Kb7 32. Bxb4 cxb4 33. Ra5 Rc6 34.
Rd5 Rb6 35. Raa5 Rc6 36. Ra4 Rb6 1/2-1/2

[Event "36. Copenhagen Open (Politiken Cup)"]
[Site "Elsinore"]
[Date "2014.07.24"]
[Round "5"]
[White "Ochsner, Bjorn Moller"]
[Black "Riis, Jens"]
[Result "1-0"]
[WhiteElo "2318"]
[BlackElo "2172"]
[PlyCount "99"]
[EventDate "2014.07.21"]
[EventType "swiss"]
[EventRounds "10"]
[EventCountry "DEN"]
[Source "ChessBase"]
[SourceDate "2014.08.29"]

1. e4 e6 2. d4 d5 3. Nc3 Bb4 4. e5 c5 5. a3 Bxc3+ 6. bxc3 Ne7 7. Qg4 Qc7 8.
Qxg7 Rg8 9. Qxh7 cxd4 10. Ne2 Nbc6 11. f4 Bd7 12. Qd3 dxc3 13. Nxc3 a6 14. Ne2
Nf5 15. Rb1 Na5 16. Qc3 Nc4 17. h3 Bb5 18. g4 d4 19. Nxd4 Nxd4 20. Qxd4 Qc6 21.
Rh2 Rd8 22. Qc3 Qe4+ 23. Re2 Qd5 24. Kf2 Bc6 25. Qg3 Qc5+ 26. Be3 Qxa3 27. Bb6
Rc8 28. Qxa3 Nxa3 29. Rd1 Nc4 30. Bd4 Kd7 31. Bg2 Bxg2 32. Kxg2 Kc6 33. Bf2 Rh8
34. h4 b5 35. Kf3 a5 36. g5 b4 37. Kg4 Na3 38. h5 Kb5 39. Rdd2 Rc4 40. g6 Rg8
41. Kg5 a4 42. f5 exf5 43. e6 fxg6 44. hxg6 Rg4+ 45. Kxf5 R8xg6 46. e7 R6g5+
47. Ke6 Rg6+ 48. Kd7 Rg7 49. Rd5+ Ka6 50. Re6+ 1-0

[Event "36. Copenhagen Open (Politiken Cup)"]
[Site "Elsinore"]
[Date "2014.07.24"]
[Round "5"]
[White "Olofsson Dolk, Mattis"]
[Black "Koepke, Christian"]
[Result "1/2-1/2"]
[WhiteElo "2143"]
[BlackElo "2322"]
[PlyCount "66"]
[EventDate "2014.07.21"]
[EventType "swiss"]
[EventRounds "10"]
[EventCountry "DEN"]
[Source "ChessBase"]
[SourceDate "2014.08.29"]

1. e4 c5 2. Nf3 g6 3. d4 cxd4 4. Nxd4 Nc6 5. Nc3 Bg7 6. Be3 Nf6 7. Bc4 O-O 8.
Bb3 d6 9. f3 Bd7 10. Qd2 Rc8 11. O-O-O Nxd4 12. Bxd4 b5 13. Nd5 Nxd5 14. Bxg7
Kxg7 15. exd5 a5 16. a3 Kg8 17. Rhe1 Rc5 18. Re3 b4 19. axb4 axb4 20. Qxb4 Qa8
21. Kd2 Rb8 22. Qd4 Qa5+ 23. Ke2 Bf5 24. Rc3 Rbc8 25. Rxc5 dxc5 26. Qa4 Qc7 27.
d6 exd6 28. Bd5 Qe7+ 29. Kf1 Re8 30. Qc4 h5 31. Bc6 Be6 32. Qe2 Rb8 33. b3 Qc7
1/2-1/2

[Event "36. Copenhagen Open (Politiken Cup)"]
[Site "Elsinore"]
[Date "2014.07.24"]
[Round "5"]
[White "Olsarova, Tereza"]
[Black "Merkesvik, Sondre"]
[Result "0-1"]
[WhiteElo "2251"]
[BlackElo "2057"]
[PlyCount "74"]
[EventDate "2014.07.21"]
[EventType "swiss"]
[EventRounds "10"]
[EventCountry "DEN"]
[Source "ChessBase"]
[SourceDate "2014.08.29"]

1. e4 c5 2. Nf3 d6 3. d4 cxd4 4. Nxd4 Nf6 5. Nc3 g6 6. Be3 Bg7 7. Bc4 O-O 8. f3
Nc6 9. Qd2 Bd7 10. O-O-O Rc8 11. Bb3 Ne5 12. Kb1 a6 13. h4 h5 14. Bh6 Nc4 15.
Bxc4 Bxh6 16. Qxh6 Rxc4 17. Nce2 Qa5 18. g4 Rfc8 19. Ng3 Qe5 20. Nge2 Bxg4 21.
fxg4 Nxg4 22. Qd2 Nf2 23. Qe3 Nxh1 24. Rxh1 Qc5 25. b3 Rxd4 26. Nxd4 e5 27. Nf5
Qxc2+ 28. Ka1 gxf5 29. Rg1+ Kf8 30. Qh6+ Ke7 31. Qg5+ Kd7 32. Qxf5+ Kc7 33.
Qxf7+ Kb8 34. Qg6 Qc3+ 35. Kb1 Qd3+ 36. Kb2 Rc2+ 37. Ka3 Qd2 0-1

[Event "36. Copenhagen Open (Politiken Cup)"]
[Site "Elsinore"]
[Date "2014.07.24"]
[Round "5"]
[White "Pallesen, Jacob"]
[Black "Fossan, Andreas"]
[Result "1-0"]
[WhiteElo "2031"]
[BlackElo "1712"]
[PlyCount "119"]
[EventDate "2014.07.21"]
[EventType "swiss"]
[EventRounds "10"]
[EventCountry "DEN"]
[Source "ChessBase"]
[SourceDate "2014.08.29"]

1. d4 Nf6 2. Nf3 g6 3. c4 Bg7 4. Nc3 O-O 5. e4 d6 6. Be2 e5 7. O-O a5 8. Be3
Ng4 9. Bg5 Qe8 10. Nd5 Na6 11. Be7 Be6 12. Bxf8 Qxf8 13. h3 Nf6 14. Nxf6+ Bxf6
15. d5 Bd7 16. Ne1 Nc5 17. Bf3 Bg7 18. Nd3 b6 19. Nxc5 bxc5 20. Qc2 Qc8 21.
Rfd1 Rb8 22. Rd3 Rb4 23. a3 Rb6 24. b3 Qa8 25. Qc3 Qb8 26. Qxa5 Bh6 27. Rb1 f5
28. Qc3 Qa8 29. b4 Ba4 30. Re1 Qb8 31. b5 Qa8 32. g4 f4 33. h4 g5 34. hxg5 Bxg5
35. Kg2 h6 36. Bd1 Kg7 37. Bxa4 Qxa4 38. Qb3 Qa5 39. Ra1 Rb8 40. a4 Ra8 41. Qc3
Kg6 42. Qxa5 Rxa5 43. Rb3 Bd8 44. Kf1 Kg5 45. f3 Kg6 46. Ke2 Kf7 47. Kd3 Ke8
48. Kc3 Kd7 49. Rb2 Kc8 50. Kb3 Kb7 51. Rh2 Bg5 52. Rah1 Ra8 53. Rxh6 Bxh6 54.
Rxh6 Kb6 55. Rh7 Ra7 56. Rh8 Rb7 57. a5+ Ka7 58. g5 c6 59. dxc6 Rg7 60. b6+ 1-0

[Event "36. Copenhagen Open (Politiken Cup)"]
[Site "Elsinore"]
[Date "2014.07.24"]
[Round "5"]
[White "Palm, Nikolaj"]
[Black "Eckhardt, Lars H"]
[Result "1/2-1/2"]
[WhiteElo "2332"]
[BlackElo "2072"]
[PlyCount "39"]
[EventDate "2014.07.21"]
[EventType "swiss"]
[EventRounds "10"]
[EventCountry "DEN"]
[Source "ChessBase"]
[SourceDate "2014.08.29"]

1. d4 Nf6 2. c4 e6 3. Nc3 d5 4. Nf3 Be7 5. Bf4 a6 6. e3 O-O 7. a3 dxc4 8. Bxc4
b5 9. Ba2 Bb7 10. O-O c5 11. Qe2 Qb6 12. Rfd1 Nbd7 13. Rd2 Rfd8 14. Rad1 Ne4
15. Nxe4 Bxe4 16. Ng5 Nf6 17. f3 Bd5 18. dxc5 Qxc5 19. Bb1 Bc4 20. Qe1 1/2-1/2

[Event "36. Copenhagen Open (Politiken Cup)"]
[Site "Elsinore"]
[Date "2014.07.24"]
[Round "5"]
[White "Pedersen, Carl Aage"]
[Black "Green, Per"]
[Result "1-0"]
[WhiteElo "1769"]
[BlackElo "1984"]
[PlyCount "67"]
[EventDate "2014.07.21"]
[EventType "swiss"]
[EventRounds "10"]
[EventCountry "DEN"]
[Source "ChessBase"]
[SourceDate "2014.08.29"]

1. d4 Nf6 2. Nf3 e6 3. e3 b6 4. c4 Bb7 5. Nc3 Bb4 6. Bd2 O-O 7. a3 Be7 8. Be2
c5 9. O-O d5 10. cxd5 exd5 11. Ne5 Nc6 12. f4 cxd4 13. Nxc6 Bxc6 14. exd4 Re8
15. Rc1 Qd7 16. Be1 Ne4 17. Bd3 Bf6 18. Be2 Nxc3 19. Bxc3 Rxe2 20. Qxe2 Bb5 21.
Qf3 Bxf1 22. Qxf1 Re8 23. Re1 h6 24. Qd3 Rxe1+ 25. Bxe1 g6 26. h3 Qf5 27. Qxf5
Bxd4+ 28. Bf2 Bxf2+ 29. Kxf2 gxf5 30. Ke3 Kf8 31. Kd4 Ke7 32. Kxd5 f6 33. Kc6
Ke6 34. b4 1-0

[Event "36. Copenhagen Open (Politiken Cup)"]
[Site "Elsinore"]
[Date "2014.07.24"]
[Round "5"]
[White "Percivaldi, Martin"]
[Black "Aabling Thomsen, Jakob"]
[Result "1-0"]
[WhiteElo "2170"]
[BlackElo "2333"]
[PlyCount "113"]
[EventDate "2014.07.21"]
[EventType "swiss"]
[EventRounds "10"]
[EventCountry "DEN"]
[Source "ChessBase"]
[SourceDate "2014.08.29"]

1. d4 g6 2. c4 Bg7 3. Nf3 d6 4. g3 e5 5. Bg2 Nc6 6. dxe5 dxe5 7. Qxd8+ Kxd8 8.
Nc3 Be6 9. Ng5 Bxc4 10. b3 h6 11. bxc4 hxg5 12. Bxc6 bxc6 13. Bxg5+ f6 14. Be3
Nh6 15. O-O-O+ Kc8 16. Bc5 Nf7 17. Kc2 Ng5 18. Be7 Rb8 19. e3 Re8 20. Ba3 e4
21. h4 Nf7 22. h5 g5 23. g4 Re5 24. Rb1 Rb6 25. Rxb6 axb6 26. Ne2 Nh6 27. Rg1
Kd7 28. Bb2 Re6 29. Nd4 Re8 30. Rd1 Kc8 31. Nf5 Nxf5 32. gxf5 c5 33. Rh1 Bh6
34. Rg1 Bg7 35. Rxg5 Bh8 36. Rg6 Rf8 37. h6 Kd7 38. Rg4 Re8 39. Kd2 Re7 40. Rg6
Rf7 41. Ke2 Ke7 42. Rg4 Rh7 43. Rxe4+ Kf8 44. Rh4 Kf7 45. e4 Bg7 46. Bc1 Bf8
47. Bf4 Kg8 48. Ke3 Kh8 49. e5 fxe5 50. Bxe5+ Kg8 51. Rg4+ Kf7 52. Rg7+ Rxg7
53. hxg7 Be7 54. Bxc7 Bf6 55. Bxb6 Bd4+ 56. Ke4 Kxg7 57. a4 1-0

[Event "36. Copenhagen Open (Politiken Cup)"]
[Site "Elsinore"]
[Date "2014.07.24"]
[Round "5"]
[White "Petersen, Jan"]
[Black "Greeuw, Sietske"]
[Result "0-1"]
[WhiteElo "1638"]
[BlackElo "1949"]
[PlyCount "102"]
[EventDate "2014.07.21"]
[EventType "swiss"]
[EventRounds "10"]
[EventCountry "DEN"]
[Source "ChessBase"]
[SourceDate "2014.08.29"]

1. d4 Nf6 2. c4 c5 3. d5 b5 4. cxb5 a6 5. b6 d6 6. Nc3 g6 7. e4 Bg7 8. g3 O-O
9. Bh3 Qxb6 10. Rb1 Nbd7 11. Nf3 Ne8 12. Bd2 c4 13. O-O Nc5 14. Bxc8 Rxc8 15.
Be3 Qa5 16. Bxc5 Rxc5 17. Nd4 Nf6 18. Nc6 Qc7 19. a4 Re8 20. a5 e6 21. b4 cxb3
22. Qxb3 Nxd5 23. exd5 Bxc3 24. Qb6 Bxa5 25. Qxc7 Bxc7 26. Rb7 Ba5 27. Ra1 Bc3
28. Rxa6 exd5 29. Nb4 Re1+ 30. Kg2 Rb1 31. Rab6 Rxb4 32. Rxb4 Bxb4 33. Rxb4 Kf8
34. Rb7 d4 35. Kf1 Rd5 36. Ke2 Kg7 37. Re7 Re5+ 38. Rxe5 dxe5 39. Kd3 Kf6 40.
Ke4 Ke6 41. g4 f5+ 42. gxf5+ gxf5+ 43. Kd3 Kd5 44. f3 e4+ 45. fxe4+ fxe4+ 46.
Kd2 Kc4 47. h4 h5 48. Kc2 e3 49. Kd1 Kd3 50. Ke1 e2 51. Kf2 Kd2 0-1

[Event "36. Copenhagen Open (Politiken Cup)"]
[Site "Elsinore"]
[Date "2014.07.24"]
[Round "5"]
[White "Petersen, Peter Birk"]
[Black "Hobber, Anders"]
[Result "1-0"]
[WhiteElo "2126"]
[BlackElo "2315"]
[PlyCount "81"]
[EventDate "2014.07.21"]
[EventType "swiss"]
[EventRounds "10"]
[EventCountry "DEN"]
[Source "ChessBase"]
[SourceDate "2014.08.29"]

1. e4 e6 2. d3 d5 3. Qe2 Be7 4. Nf3 Nf6 5. g3 c5 6. Bg2 Nc6 7. O-O O-O 8. e5
Nd7 9. Re1 b5 10. Nbd2 a5 11. h4 b4 12. Nf1 Ba6 13. Bf4 Nb6 14. N1h2 c4 15. Ng4
b3 16. axb3 cxd3 17. cxd3 Nb4 18. Red1 Nd7 19. Rac1 Nc5 20. Rc3 Na2 21. Rc2
Nxb3 22. Bg5 Bxg5 23. hxg5 Rc8 24. Nf6+ Kh8 25. Bh3 Nac1 26. Rcxc1 Rxc1 27.
Rxc1 Nxc1 28. Qe3 Nxd3 29. Bf1 gxf6 30. gxf6 Rg8 31. Bxd3 Bxd3 32. Qxd3 Qf8 33.
Qd2 Rg6 34. Qxa5 Rg4 35. Qd2 Qb4 36. Qc1 Qe4 37. Ng5 Qc4 38. Nxf7+ Kg8 39. Nh6+
Kf8 40. Qe3 Re4 41. Qa3+ 1-0

[Event "36. Copenhagen Open (Politiken Cup)"]
[Site "Elsinore"]
[Date "2014.07.24"]
[Round "5"]
[White "Poulsen, Iver"]
[Black "Rewitz, Poul"]
[Result "0-1"]
[WhiteElo "2092"]
[BlackElo "2218"]
[PlyCount "170"]
[EventDate "2014.07.21"]
[EventType "swiss"]
[EventRounds "10"]
[EventCountry "DEN"]
[Source "ChessBase"]
[SourceDate "2014.08.29"]

1. e4 d6 2. d4 Nf6 3. Nc3 e5 4. Nf3 exd4 5. Nxd4 Be7 6. Bf4 O-O 7. Qd2 Nc6 8.
Nxc6 bxc6 9. Bc4 Rb8 10. O-O Nd7 11. Rfe1 Bf6 12. b3 Re8 13. Rad1 Ne5 14. Be2
a5 15. f3 h5 16. Na4 Ra8 17. Kh1 Qe7 18. Be3 h4 19. h3 Ng6 20. Bf1 Bb7 21. c4
Qe5 22. Bg1 c5 23. Bh2 Bg5 24. Bxe5 Bxd2 25. Rxd2 Rxe5 26. Red1 Nf4 27. Nc3 Re7
28. Kg1 g6 29. Kf2 Kg7 30. Bd3 Bc6 31. Bc2 Rb8 32. Ke3 Ne6 33. Kf2 Nd4 34. Ne2
Ne6 35. Nc3 Ree8 36. Re1 f6 37. Bd1 Kf7 38. Bc2 Rb7 39. Bd1 Reb8 40. Ke3 g5 41.
Kf2 Nd4 42. Ne2 Ne6 43. Nc3 Ra7 44. Ke3 Nd4 45. Ne2 Ne6 46. Nc3 Nf4 47. Kf2 Rb4
48. Ne2 Ne6 49. a4 Rb8 50. Nc3 Nd4 51. Nb5 Bxb5 52. axb5 Ke6 53. Re3 Kd7 54.
Red3 c6 55. bxc6+ Kxc6 56. Ra2 Kc7 57. Ra3 Rb4 58. Rc3 Kb6 59. Rc1 Nc6 60. g3
Rh7 61. g4 Ra7 62. Ke3 Ne5 63. Rca1 Ng6 64. Be2 Nf4 65. Bf1 Ra8 66. Kd2 Ra7 67.
Ke3 Ne6 68. Be2 Nd4 69. Bd1 Nc6 70. Kd2 Kc7 71. Kc3 Rb8 72. R1a2 Re8 73. Rd2
Ne5 74. Rda2 Kb6 75. Rd2 Rd8 76. Ra1 Ng6 77. Be2 Nf4 78. Bf1 Ne6 79. Be2 Nd4
80. Bd1 Rda8 81. Rda2 Nc6 82. Rd2 Kc7 83. Rda2 Nd4 84. Ra3 Kd7 85. Kd3 Ne6 0-1

[Event "36. Copenhagen Open (Politiken Cup)"]
[Site "Elsinore"]
[Date "2014.07.24"]
[Round "5"]
[White "Preuss, Flemming"]
[Black "Moe, Mogens"]
[Result "1/2-1/2"]
[WhiteElo "2015"]
[BlackElo "2274"]
[PlyCount "93"]
[EventDate "2014.07.21"]
[EventType "swiss"]
[EventRounds "10"]
[EventCountry "DEN"]
[Source "ChessBase"]
[SourceDate "2014.08.29"]

1. f4 c5 2. Nf3 Nc6 3. d3 g6 4. g3 Bg7 5. Bg2 d6 6. O-O Bd7 7. e4 Rb8 8. Nc3 b5
9. Ne2 Nf6 10. h3 c4 11. g4 Qb6+ 12. Kh1 Bxg4 13. hxg4 Nxg4 14. d4 e5 15. c3
O-O 16. fxe5 dxe5 17. d5 Na5 18. Qe1 Nb7 19. Nh2 Ne3 20. Bxe3 Qxe3 21. Rd1 Nc5
22. Nc1 Qg5 23. Qf2 Na4 24. d6 Rb7 25. Rd5 a6 26. Nf3 Qh5+ 27. Kg1 Nb6 28. Rdd1
Qg4 29. Nh2 Qe6 30. Qf3 Rd8 31. Bh3 Qe8 32. Ng4 Nd7 33. Qe3 Qf8 34. Qg3 h5 35.
Ne3 Nc5 36. Qf3 Rxd6 37. Nd5 Qd8 38. Rf2 Kh8 39. Qe3 Ne6 40. Rdf1 Ng5 41. Bg2
Bh6 42. Qg3 Bg7 43. Ne2 a5 44. a3 Kg8 45. Kh1 Nh7 46. Ng1 Qg5 47. Kh2 1/2-1/2

[Event "36. Copenhagen Open (Politiken Cup)"]
[Site "Elsinore"]
[Date "2014.07.24"]
[Round "5"]
[White "Quiroga, Walter Gonzalo"]
[Black "Plata Fernandez, Diego"]
[Result "0-1"]
[WhiteElo "1553"]
[BlackElo "1745"]
[PlyCount "112"]
[EventDate "2014.07.21"]
[EventType "swiss"]
[EventRounds "10"]
[EventCountry "DEN"]
[Source "ChessBase"]
[SourceDate "2014.08.29"]

1. d4 d5 2. c4 Nc6 3. Nf3 Nf6 4. Nc3 Bg4 5. e3 e6 6. cxd5 exd5 7. Be2 a6 8. O-O
g6 9. h3 Be6 10. Bd2 Bg7 11. Qb3 Rb8 12. Rac1 O-O 13. Na4 Ne4 14. Be1 g5 15.
Nc5 Nxc5 16. Rxc5 f5 17. Nh2 Rf6 18. f4 h6 19. Qc2 Bf8 20. Rc3 Nb4 21. Qb1 Bd6
22. a3 Nc6 23. Qd1 Ne7 24. Bh5 a5 25. Nf3 gxf4 26. Bh4 Rf8 27. exf4 Bf7 28. Ne5
Be8 29. Rg3+ Kh7 30. Qf3 c5 31. Bg6+ Bxg6 32. Nxg6 Rg8 33. Qxd5 Nxd5 34. Bxd8
Rxg6 35. Rxg6 Kxg6 36. Bh4 Re8 37. Bg3 Re4 38. dxc5 Bxc5+ 39. Kh1 b6 40. Bh2
Re2 41. Rb1 Be3 42. g3 Rc2 43. b4 Rc1+ 44. Rxc1 Bxc1 45. bxa5 bxa5 46. a4 Be3
47. Kg2 Nc3 48. Kf3 Ba7 49. g4 Nxa4 50. Bg3 Nb2 51. Be1 a4 52. Bb4 Nd3 53. Bc3
a3 54. Ke2 Nxf4+ 55. Kf3 Ne6 56. gxf5+ Kxf5 0-1

[Event "36. Copenhagen Open (Politiken Cup)"]
[Site "Elsinore"]
[Date "2014.07.24"]
[Round "5"]
[White "Ramirez, Alejandro"]
[Black "Tari, Aryan"]
[Result "1/2-1/2"]
[WhiteElo "2580"]
[BlackElo "2412"]
[PlyCount "29"]
[EventDate "2014.07.21"]
[EventType "swiss"]
[EventRounds "10"]
[EventCountry "DEN"]
[Source "ChessBase"]
[SourceDate "2014.08.29"]

1. Nf3 d5 2. d4 Nf6 3. c4 dxc4 4. e3 b5 5. a4 b4 6. Bxc4 e6 7. O-O Be7 8. Nbd2
O-O 9. Qe2 Nbd7 10. Rd1 c5 11. Nb3 Bb7 12. a5 a6 13. Bd2 Qb8 14. h3 Rc8 15.
Nxc5 1/2-1/2

[Event "36. Copenhagen Open (Politiken Cup)"]
[Site "Elsinore"]
[Date "2014.07.24"]
[Round "5"]
[White "Rapport, Richard"]
[Black "Rasmussen, Allan Stig"]
[Result "1/2-1/2"]
[WhiteElo "2701"]
[BlackElo "2522"]
[PlyCount "98"]
[EventDate "2014.07.21"]
[EventType "swiss"]
[EventRounds "10"]
[EventCountry "DEN"]
[Source "ChessBase"]
[SourceDate "2014.08.29"]

1. e4 c6 2. d4 d5 3. exd5 cxd5 4. Bd3 Nc6 5. c3 Qc7 6. Ne2 Bg4 7. Na3 Nf6 8. f3
Bh5 9. Bf4 Qd7 10. Nc2 e6 11. Ne3 Bg6 12. Be5 Bd6 13. f4 Bxd3 14. Qxd3 Bxe5 15.
fxe5 Ne4 16. O-O Qe7 17. c4 Nb4 18. Qd1 dxc4 19. Qa4+ Nc6 20. Rf4 f5 21. Nc3 g5
22. Rff1 O-O-O 23. Rad1 Nxd4 24. Nxe4 fxe4 25. Nxc4 Kb8 26. Nd6 Nf5 27. Qxe4
Nxd6 28. exd6 Rxd6 29. Qe5 Rhd8 30. Rd5 Qc7 31. Rxd6 Qxd6 32. Qxg5 e5 33. Re1
Re8 34. Qh5 Re7 35. Qe2 e4 36. Rd1 Qc7 37. Qe3 b6 38. Rc1 Qd7 39. h3 Kb7 40. b3
Qd5 41. Qc3 Qe6 42. Kf2 a5 43. Ke2 Qd6 44. Qc8+ Ka7 45. Rd1 Qg3 46. Rd7+ Rxd7
47. Qxd7+ Ka6 48. Qc8+ Ka7 49. Qd7+ Ka6 1/2-1/2

[Event "36. Copenhagen Open (Politiken Cup)"]
[Site "Elsinore"]
[Date "2014.07.24"]
[Round "5"]
[White "Rasmussen, Henning1"]
[Black "Yilmaz, Kazim"]
[Result "1/2-1/2"]
[WhiteElo "1826"]
[BlackElo "1637"]
[PlyCount "40"]
[EventDate "2014.07.21"]
[EventType "swiss"]
[EventRounds "10"]
[EventCountry "DEN"]
[Source "ChessBase"]
[SourceDate "2014.08.29"]

1. Nf3 Nf6 2. b3 Nc6 3. Bb2 d5 4. e3 Bg4 5. Be2 e6 6. Nd4 Bxe2 7. Nxe2 Bd6 8.
f4 O-O 9. O-O Re8 10. Ng3 e5 11. Nf5 Re6 12. Nxd6 Qxd6 13. f5 Ree8 14. Nc3 a6
15. Ne2 d4 16. exd4 exd4 17. Ng3 Rad8 18. Nh5 Nxh5 19. Qxh5 f6 20. Rf3 b5
1/2-1/2

[Event "36. Copenhagen Open (Politiken Cup)"]
[Site "Elsinore"]
[Date "2014.07.24"]
[Round "5"]
[White "Rasmussen, Lars"]
[Black "Maechel, Michael"]
[Result "1-0"]
[WhiteElo "1984"]
[BlackElo "1718"]
[PlyCount "63"]
[EventDate "2014.07.21"]
[EventType "swiss"]
[EventRounds "10"]
[EventCountry "DEN"]
[Source "ChessBase"]
[SourceDate "2014.08.29"]

1. e4 c5 2. Nf3 d6 3. d4 cxd4 4. Nxd4 Nf6 5. Nc3 g6 6. Be3 Bg7 7. f3 O-O 8. Qd2
Nc6 9. Bc4 Bd7 10. O-O-O Rc8 11. Bb3 Ne5 12. g4 b5 13. h4 a5 14. a3 a4 15. Ba2
Qa5 16. Kb1 Rb8 17. Nd5 Qxd2 18. Nxe7+ Kh8 19. Bxd2 Rfe8 20. Nd5 Nxd5 21. Bxd5
Nc4 22. Bf4 Ne5 23. h5 b4 24. axb4 Rxb4 25. c3 Rxd4 26. cxd4 Nxf3 27. Bxf7 Rxe4
28. hxg6 h6 29. Bxh6 Bxh6 30. Rxh6+ Kg7 31. Rh7+ Kf6 32. Bd5 1-0

[Event "36. Copenhagen Open (Politiken Cup)"]
[Site "Elsinore"]
[Date "2014.07.24"]
[Round "5"]
[White "Robertsen, Bjorn"]
[Black "Hansen, Verner"]
[Result "1-0"]
[WhiteElo "1594"]
[BlackElo "1888"]
[PlyCount "69"]
[EventDate "2014.07.21"]
[EventType "swiss"]
[EventRounds "10"]
[EventCountry "DEN"]
[Source "ChessBase"]
[SourceDate "2014.08.29"]

1. e4 d5 2. exd5 Qxd5 3. Nc3 Qa5 4. d4 c6 5. Nf3 Nf6 6. Bd2 Qd8 7. Bc4 Bf5 8.
O-O e6 9. Bg5 Be7 10. h3 h6 11. Bf4 Nbd7 12. Re1 O-O 13. Ne2 Nb6 14. Bb3 Nbd5
15. Be5 Nd7 16. Ng3 Nxe5 17. Nxe5 Bh7 18. c3 Qc7 19. Nh5 Nf6 20. Re3 Bf5 21.
Ng3 Bd6 22. Nxf5 exf5 23. Qf3 Qc8 24. Ng6 Re8 25. Rxe8+ Nxe8 26. Re1 Qd7 27.
Nh4 f4 28. Ng6 a5 29. Nxf4 Nf6 30. Nd3 a4 31. Bc2 a3 32. b3 Nd5 33. Ne5 Qc7 34.
Qd3 Nf6 35. Ng4 1-0

[Event "36. Copenhagen Open (Politiken Cup)"]
[Site "Elsinore"]
[Date "2014.07.24"]
[Round "5"]
[White "Rosell, Sven"]
[Black "Evertsson, Lennart"]
[Result "0-1"]
[WhiteElo "1985"]
[BlackElo "2196"]
[PlyCount "98"]
[EventDate "2014.07.21"]
[EventType "swiss"]
[EventRounds "10"]
[EventCountry "DEN"]
[Source "ChessBase"]
[SourceDate "2014.08.29"]

1. c4 Nf6 2. Nc3 c5 3. g3 Nc6 4. Bg2 d6 5. Nf3 g6 6. d4 cxd4 7. Nxd4 Bd7 8. O-O
Bg7 9. b3 O-O 10. Bb2 Qb6 11. Nc2 Ne5 12. Ne3 Bc6 13. Qd2 Bh6 14. Ncd5 Bxd5 15.
Bd4 Bxg2 16. Bxb6 Bxf1 17. Bd4 Bh3 18. Qb2 Bg7 19. f3 Be6 20. Rd1 Nc6 21. Bc3
Rfc8 22. Ng2 Rab8 23. Nf4 b5 24. Nxe6 fxe6 25. cxb5 Rxb5 26. a4 Rb7 27. Kg2 Kf7
28. Rb1 Nb4 29. Qd2 Nbd5 30. Bd4 e5 31. Bf2 Nb4 32. Rc1 Rcb8 33. e4 Ne8 34. Rc4
a5 35. Kh3 Nc7 36. Qc3 Ne6 37. Rc8 Rxc8 38. Qxc8 Rc7 39. Qa8 Rc2 40. Be3 Nc6
41. Qa6 Ned4 42. Bxd4 exd4 43. f4 Nb4 44. Qxa5 d3 45. Qb5 d2 46. Qe2 Bc3 47.
Qc4+ d5 48. exd5 d1=Q 49. d6+ Kg7 0-1

[Event "36. Copenhagen Open (Politiken Cup)"]
[Site "Elsinore"]
[Date "2014.07.24"]
[Round "5"]
[White "Roser, Kevin"]
[Black "Edouard, Romain"]
[Result "0-1"]
[WhiteElo "2406"]
[BlackElo "2679"]
[PlyCount "82"]
[EventDate "2014.07.21"]
[EventType "swiss"]
[EventRounds "10"]
[EventCountry "DEN"]
[Source "ChessBase"]
[SourceDate "2014.08.29"]

1. e4 c5 2. Nf3 d6 3. d4 cxd4 4. Nxd4 Nf6 5. Nc3 a6 6. Be2 e5 7. Nb3 Be7 8. Be3
Be6 9. Nd5 Nbd7 10. Qd3 O-O 11. c4 b5 12. cxb5 axb5 13. O-O Rb8 14. Rfd1 Bxd5
15. exd5 Ne8 16. Qd2 b4 17. a4 f5 18. f3 Bh4 19. Bd3 Kh8 20. a5 f4 21. Bf2
Bxf2+ 22. Qxf2 Nef6 23. a6 Ra8 24. a7 Nb6 25. Bb5 Rf7 26. Ra6 Nc8 27. Rda1 e4
28. fxe4 Ng4 29. Qf3 Ne5 30. Qf2 f3 31. Nd4 Qg5 32. Kh1 Ng4 33. Qg3 fxg2+ 34.
Kxg2 Qd2+ 35. Ne2 Ne3+ 36. Kh1 Nxa7 37. Qe1 Qc2 38. Qb1 Rf1+ 39. Qxf1 Nxf1 40.
Rxf1 Qxe4+ 41. Kg1 Rg8 0-1

[Event "36. Copenhagen Open (Politiken Cup)"]
[Site "Elsinore"]
[Date "2014.07.24"]
[Round "5"]
[White "Salomon, Johan"]
[Black "Royset, Pal"]
[Result "1-0"]
[WhiteElo "2346"]
[BlackElo "2208"]
[PlyCount "87"]
[EventDate "2014.07.21"]
[EventType "swiss"]
[EventRounds "10"]
[EventCountry "DEN"]
[Source "ChessBase"]
[SourceDate "2014.08.29"]

1. c4 e5 2. g3 Nc6 3. Bg2 f5 4. Nc3 Nf6 5. e3 Bb4 6. Nge2 O-O 7. Nd5 e4 8. a3
Be7 9. Nxe7+ Qxe7 10. d4 Qf7 11. Qc2 Na5 12. d5 b5 13. cxb5 Qxd5 14. Nd4 c5 15.
bxc6 Ba6 16. Bd2 Nxc6 17. Nxc6 dxc6 18. Rc1 Rfd8 19. Bb4 Ng4 20. Qxc6 Qxc6 21.
Rxc6 Bd3 22. Bc3 Rd7 23. h3 Rad8 24. Bd4 Ne5 25. Rc5 Nf3+ 26. Bxf3 exf3 27. Kd2
Be4 28. Rhc1 a6 29. Ra5 Rd6 30. Rc7 Rg6 31. Re5 Kh8 32. Ree7 Rg8 33. b4 h5 34.
h4 Kh7 35. a4 Kh6 36. b5 axb5 37. axb5 Rd8 38. Ke1 Rb8 39. Bxg7+ Rxg7 40. Rxg7
Rxb5 41. Rgd7 Rb6 42. Rh7+ Kg6 43. Rcg7+ Kf6 44. Rh6+ 1-0

[Event "36. Copenhagen Open (Politiken Cup)"]
[Site "Elsinore"]
[Date "2014.07.24"]
[Round "5"]
[White "Schjolin, John"]
[Black "Hviid, Hans Henrik"]
[Result "1-0"]
[WhiteElo "1317"]
[BlackElo "1540"]
[PlyCount "75"]
[EventDate "2014.07.21"]
[EventType "swiss"]
[EventRounds "10"]
[EventCountry "DEN"]
[Source "ChessBase"]
[SourceDate "2014.08.29"]

1. e4 c5 2. c4 Nc6 3. Nf3 g6 4. Nc3 Bg7 5. g3 b6 6. Bg2 d6 7. d3 a6 8. Be3 Bg4
9. Qd2 Bxf3 10. Bxf3 Nf6 11. e5 d5 12. cxd5 Nxe5 13. Bg2 Qd6 14. h3 Rd8 15. Bf4
e6 16. O-O-O exd5 17. d4 cxd4 18. Qxd4 Nfd7 19. Rhe1 O-O 20. Bxd5 Nc5 21. Bxe5
Bxe5 22. Rxe5 Ne6 23. Ne4 Nxd4 24. Nxd6 Rxd6 25. Rxd4 Rc8+ 26. Kb1 Rcd8 27. f4
Kg7 28. f5 f6 29. Re7+ Kf8 30. Rf7+ Kg8 31. Rd7+ Kf8 32. Rf7+ Ke8 33. Re4+ Re6
34. Bxe6 Rd6 35. Rxh7 gxf5 36. Bxf5+ Kd8 37. Rg4 Rd1+ 38. Kc2 1-0

[Event "36. Copenhagen Open (Politiken Cup)"]
[Site "Elsinore"]
[Date "2014.07.24"]
[Round "5"]
[White "Schmidt, Horst Hubert"]
[Black "Hansen, Max"]
[Result "0-1"]
[WhiteElo "1767"]
[BlackElo "2009"]
[PlyCount "38"]
[EventDate "2014.07.21"]
[EventType "swiss"]
[EventRounds "10"]
[EventCountry "DEN"]
[Source "ChessBase"]
[SourceDate "2014.08.29"]

1. d4 Nf6 2. e3 c5 3. Nf3 d5 4. Bb5+ Nc6 5. O-O Qa5 6. Nc3 Bg4 7. h3 Bh5 8. g4
Bg6 9. g5 Ne4 10. Nxd5 Qd8 11. c4 e6 12. Qa4 Rc8 13. h4 exd5 14. Ne5 a6 15.
Bxc6+ bxc6 16. Nxc6 Qd7 17. cxd5 Bd6 18. Rd1 Qg4+ 19. Kf1 Ng3+ 0-1